Historia del Opus Dei /

Gespeichert in:
Bibliographische Detailangaben
1. Verfasser: Moncada, Alberto
Format: Unbekannt
Sprache:Spanish
Veröffentlicht: España : Plaza & Janes Editores,
Tags: Tag hinzufügen
Keine Tags, Fügen Sie den ersten Tag hinzu!

MARC

LEADER 00000 a2200000 04500
001 42628
003
008 050609s1987 sp spa d
040 |a CRAI/IIS  |c CRAI/IIS 
020 |8 4-01-3337-7  
090 |a 0002 M737h  
100 |a Moncada, Alberto  
245 |a Historia del Opus Dei /   |c Alberto Moncada  
260 |a España :   |b Plaza & Janes Editores,  
300 |a 175 páginas  
500 |a Colección donada por Rosa María Pochet  
999 |c 17557  |d 17557